• 首页
  • 本馆介绍
  • 公告通知
  • 最新文献
  • 馆藏检索
  • 电子资源
  • 读者导购
  • 参考咨询
  • 我的图书馆
  • 登录
  • 详细信息显示
  • 放入我的书架
  • 预约/预借图书
  • 作者相关作品
  • 分类相关作品
  • 丛书相关作品
  • 出版社相关作品

书目信息

  • 表格格式
  • 工作单格式
  • 卡片格式
题名:
隋唐韬略
    
 
作者: 董恩林 , 章雪峰 著
分册:  
出版信息: 武汉   崇文书局  2018
页数: 279页
开本: 24cm
丛书名: 韬略平天下
单 册:
中图分类: K240.7 , D691
科图分类:
主题词: 中国历史--Zhong Guo Li Shi--研究--隋唐时代 , 政治--Zheng Zhi--谋略--中国--秦汉时代
电子资源:
ISBN: 978-7-5403-4708-6
000 01045nam 2200289 450
001 1965725809
005 20180428091200.2
010    @a978-7-5403-4708-6@dCNY 39.80
099    @aCAL 012018047790
100    @a20180117d2018 em y0chiy50 ea
101 0  @achi
102    @aCN@b420000
105    @ay z 000yy
200 1  @a隋唐韬略@ASui Tang Tao Lue@f董恩林, 章雪峰著
210    @a武汉@c崇文书局@d2018
215    @a279页@d24cm
225 2  @a韬略平天下@ATao Lue Ping Tian Xia
330    @a“韬略平天下”丛书按照年代,共分为8册,再现了春秋、战国、秦汉、魏晋南北朝、隋唐、宋元、明代、清代中国历经的千年风云巨变以及蕴含其间的智慧和谋略。超豪华史学专家团队倾注全力,让这里的韬略历史更丰满有趣,韬略点评更麻辣有味。
410  0 @12001 @a韬略平天下
606 0  @a中国历史@AZhong Guo Li Shi@x研究@z隋唐时代
606 0  @a政治@AZheng Zhi@x谋略@y中国@z秦汉时代
690    @aK240.7@v5
690    @aD691@v5
701  0 @a董恩林@ADong En Lin@4著
701  0 @a章雪峰@AZhang Xue Feng@4著
801  0 @aCN@bNUL@c20180424
905    @aBZT@dK240.7@e2
    
    隋唐韬略/董恩林, 章雪峰著.-武汉:崇文书局,2018
    279页;24cm.-(韬略平天下)
    
    
    ISBN 978-7-5403-4708-6:CNY 39.80
    “韬略平天下”丛书按照年代,共分为8册,再现了春秋、战国、秦汉、魏晋南北朝、隋唐、宋元、明代、清代中国历经的千年风云巨变以及蕴含其间的智慧和谋略。超豪华史学专家团队倾注全力,让这里的韬略历史更丰满有趣,韬略点评更麻辣有味。
●
相关链接 在五车中查询图书 在当当中查询图书 在豆瓣中查询图书


正题名:隋唐韬略     索取号:K240.7/2         预约/预借

序号 登录号 条形码 馆藏地/架位号 状态 备注
1 869779   2000869779   第二书库/ [索取号:K240.7/2] 在馆    
2 869780   2000869780   第二书库/ [索取号:K240.7/2] 在馆    
3 869781   2000869781   第二书库/ [索取号:K240.7/2] 在馆    
山东省滨州职业学院图书馆 欢迎您!
大连网信软件有限公司© 版权所有